MDQL
is popping MORE tags! Check the
thread
!
Quizzes
Events
Quiz Creation
Community
Videos
Private Events
Remove Ads
Sign In
Join for FREE
Feedback
Dark Mode
Quiz Categories
Sports
Geography
Music
Movies
Television
Just For Fun
Miscellaneous
History
Literature
Language
Science
Gaming
Entertainment
Religion
Holiday
For Kids
Quiz Lab
Recent
Popular Today
Quiz Kudos Today
Editor Picks
Curator Picks
Quizzes by...
Day
Popularity
Type
Ratings
Length
Year
Community
Subscriptions
Recent Discussions
Orange Saloon
Badges
Playlists
Quests
Create
Leaderboards
Showdown
Live 5
Trivia Bingo
Activity
Puzzle Library
Sporcle Events
Private Events
Virtual Trivia
Globe League
Become a Host
Pub Owners
SporcleCon
Opinionation
Our Games
Videos
Blog
Mobile Apps
Partnerships
Remove Ads and Go Orange
Feedback
Movies
Disney
Marvel Cinematic Universe
Movie Resume
Movie Titles
Oscar
Actor
Actress
Director
Pixar
Role
Movie Quotes
Movie Characters
Box Office
Nominee
Best Picture
Star Wars
James Bond
Horror Movies
Movies
Disney
Marvel Cinematic Universe
Movie Resume
Movie Titles
Oscar
Actor
Actress
Director
Pixar
Role
Movie Quotes
Movie Characters
Box Office
Nominee
Best Picture
Star Wars
James Bond
Horror Movies
Random Quiz
Search Sporcle
×
Quiz Lab
Quiz Lab
Movies
Oscar
Type in answers that appear in a list
Type in answers that appear in a list
Classic
Best Score? Go Orange.
Oscar Nominees (1957) Stats
Can you name the Oscar nominees at the 1958 ceremony?
By
myspoonstoobig
10m
77 Questions
654 Plays
654 Plays
654 Plays
Comments
Comments
Give Quiz Kudos
Give Quiz Kudos
-
- Ratings
hide this ad
Replay
Link that replays current quiz
Next Quiz
Link to next quiz in quiz playlist
You Got
0%
They Got
Avg Score
77%
Avg Friend Score
Upgrade to see
Score Distribution
Jump to the score distribution portion of the page
Score
0/77
Timer
10:00
0
Plays Today
Hint
Answer
% Correct
Picture
THE BRIDGE ON THE RIVER KWAI
97.4%
Adapted Screenplay
THE BRIDGE ON THE RIVER KWAI
97.4%
Cinematography
THE BRIDGE ON THE RIVER KWAI
97.4%
Scoring
THE BRIDGE ON THE RIVER KWAI
97.4%
Film Editing
THE BRIDGE ON THE RIVER KWAI
97.4%
Picture
Sayonara
95.7%
Adapted Screenplay
Sayonara
95.7%
Art Direction
SAYONARA
95.7%
Cinematography
Sayonara
95.7%
Film Editing
Sayonara
95.7%
Sound
SAYONARA
95.7%
Picture
Witness for the Prosecution
95.1%
Film Editing
Witness for the Prosecution
95.1%
Sound
Witness for the Prosecution
95.1%
Actor
ALEC GUINNESS, THE BRIDGE ON THE RIVER KWAI
95%
Actor
Marlon Brando, Sayonara
94.5%
Director
DAVID LEAN, THE BRIDGE ON THE RIVER KWAI
93.7%
Director
Billy Wilder, Witness for the Prosecution
92%
Picture
Peyton Place
91.1%
Adapted Screenplay
Peyton Place
91.1%
Cinematography
Peyton Place
91.1%
Actor
Charles Laughton, Witness for the Prosecution
90.7%
Supporting Actor
RED BUTTONS, SAYONARA
89.8%
Actress
JOANNE WOODWARD, THE THREE FACES OF EVE
88.2%
Actress
Lana Turner, Peyton Place
87.9%
Actress
Elizabeth Taylor, Raintree County
87.5%
Picture
12 Angry Men
86.9%
Adapted Screenplay
12 Angry Men
86.9%
Supporting Actress
Elsa Lanchester, Witness for the Prosecution
85.9%
Supporting Actress
MIYOSHI UMEKI, SAYONARA
85.9%
Actress
Deborah Kerr, Heaven Knows, Mr. Allison
85.5%
Supporting Actor
Arthur Kennedy, Peyton Place
85.5%
Director
Sidney Lumet, 12 Angry Men
83.8%
Adapted Screenplay
Heaven Knows, Mr. Allison
83.2%
Director
Mark Robson, Peyton Place
82.9%
Supporting Actor
Russ Tamblyn, Peyton Place
81.8%
Director
Joshua Logan, Sayonara
81.3%
Art Direction
Raintree County
81.2%
Costume Design
Raintree County
81.2%
Hint
Answer
% Correct
Scoring
Raintree County
81.2%
Supporting Actress
Hope Lange, Peyton Place
80.6%
Original Song
Wild Is the Wind, 'Wild Is the Wind'
80.3%
Actress
Anna Magnani, Wild Is the Wind
78.9%
Supporting Actress
Diane Varsi, Peyton Place
78.4%
Actor
Anthony Quinn, Wild Is the Wind
77.8%
Supporting Actor
Sessue Hayakawa, The Bridge on the River Kwai
75.5%
Supporting Actress
Carolyn Jones, The Bachelor Party
74.6%
Actor
Anthony Franciosa, A Hatful of Rain
74%
Original Screenplay
Funny Face
72.3%
Art Direction
Funny Face
72.3%
Cinematography
Funny Face
72.3%
Costume Design
Funny Face
72.3%
Supporting Actor
Vittorio De Sica, A Farewell to Arms
67.4%
Cinematography
An Affair to Remember
66.4%
Costume Design
An Affair to Remember
66.4%
Scoring
An Affair to Remember
66.4%
Original Song
An Affair to Remember, 'An Affair to Remember'
66.4%
Original Screenplay
DESIGNING WOMAN
65.4%
Art Direction
Pal Joey
64.7%
Costume Design
Pal Joey
64.7%
Film Editing
Pal Joey
64.7%
Sound
Pal Joey
64.7%
Art Direction
Les Girls
61.5%
Costume Design
LES GIRLS
61.5%
Sound
Les Girls
61.5%
Original Screenplay
The Tin Star
55%
Original Song
THE JOKER IS WILD, 'All the Way'
52.6%
Film Editing
Gunfight at the O.K. Corral
52.6%
Sound
Gunfight at the O.K. Corral
52.6%
Original Screenplay
I Vitelloni
51.5%
Original Song
Tammy and the Bachelor, 'Tammy'
47.9%
Original Screenplay
Man of a Thousand Faces
46.8%
Special Effects
The Spirit of St. Louis
45.3%
Special Effects
THE ENEMY BELOW
43.1%
Scoring
Boy on a Dolphin
41.9%
Original Song
April Love, 'April Love'
41.9%
Scoring
Perri
41.1%
Quiz Playlist
Details
Report
Send in Message
Add To Playlist
Classic:
Type in answers that appear in a list
Last Updated: Feb 16, 2017
Quiz Scoreboard
CHALLENGE
Sign Up to Join the Scoreboard
Show All
Scores
Hide
Comments
May contain spoilers
Recently Published
1-10 Letter E Words III
by El_Dandy
Language
2m
Street Fighter Characters
by Artimus82
Gaming
60s
College Basketball Coaching Resumes
by pancakes188
Sports
9m
More to Explore
Quiz From the Vault
Featured Blog Post
Where Did the Easter Bunny Come From?
hide this ad
You Might Also Like...
Tags
Oscar Quiz
Academy Awards
Today's Top Quizzes in Movies
Browse Movies
hide this ad
Today's Top Quizzes in Oscar
Browse Oscar
Top Contributed Quizzes in Movies
1
Pick 5 Posters: Directed by Spielberg
2
7-to-1: Pixar Characters
3
Hidden Star Wars Character II
4
Hidden Star Wars Character III
5
Pick 5 Posters: Lowest-Rated Spielberg
6
Sorting Actresses
7
Sorting Actors
8
Hidden Star Wars Character IV
9
Hidden Star Wars Character V
10
Pick 5 Posters: Directed by Scorsese
Explore More
Trending Topics
NBA
Anime
Disney
Crossword
Marvel
Kpop
Harry Potter
WWE
The Office
Pokémon
Puzzle
Soccer
NFL
Country
Song
hide this ad
More By:
myspoonstoobig
Quiz
Plays
Rating
Category
Featured
Created
Oscar Nominees (1976)
1,549
4.50
Movies
Jul 11, 2014
Oscar Nominees (1994)
1,525
4.50
Movies
Feb 11, 2015
Oscar Nominees (1997)
1,518
4.50
Movies
Feb 16, 2015
Oscar Nominees (2000)
1,511
3.40
Movies
Feb 26, 2015
Oscar Nominees (1998)
1,501
4.50
Movies
Feb 16, 2015
Go to Creator's Profile
Score Distribution
Quiz Creator Spotlight
myspoonstoobig
Follow
Send a Message
Quizzes Created
-
Created Quiz Play Count
-
More By This Creator
Popular Quizzes Today
1
Find the US States - No Outlines Minefield
2
Find the Countries of Europe - No Outlines Minefield
3
The Countries of the World
4
Find the US States
5
Risky Map Clicking: Biggest States A-Z
6
US States
7
Popular People in 1961
8
Movies - When Are They Set?
More Movies Quizzes
DreamWorks Animation Movie Slideshow
Published
Trending Quizzes
Risky Map Clicking: Least Populous States A-Z
1-10 Letter G Words
1-10 Letter F Words
Countries of the World: 200 Million BC
Risky Map Clicking: Next State Alphabetically
Recently Updated
Beyoncé Albums
pecheneg
Leaping Animals
pecheneg
Reality TV Shows (A-Z)
bhenderson79
Rickey Henderson's Hall of Fame Teammates
pecheneg
Champions League XIs: Arsenal
pecheneg
Quick Pick: Celebrities in WWE's Hall of Fame
aduchscher
A-Z Keypad Blitz II
pecheneg
Multiple Oscar Actors
pecheneg
Mystery Phrase Blitz: Oscar 'Best Actors'
pecheneg
F. Scott Fitzgerald Novels
LTH
Trending Topics
Marvel
Crossword
Anime
Kpop
Harry Potter
Disney
NBA
Pokémon
NFL
WWE
Soccer
Song
Country
Puzzle
The Office
Your Account Isn't Verified!
In order to create a playlist on Sporcle, you need to verify the email address you used during registration. Go to your
Sporcle Settings
to finish the process.
Report this User
Report this user for behavior that violates our
Community Guidelines
.
Details:
Send Report
Go to the Sporcle.com Mobile Site →
Comments